| 000 | 00903nam a2200217Ia 4500 | ||
|---|---|---|---|
| 003 | GCL | ||
| 008 | 140319s9999 xx 000 0 ara d | ||
| 040 |
_aGCL / _cGCL |
||
| 082 | 0 | 4 |
_a616.994 _bم ك |
| 100 | 1 | _aموسى ابراهيم | |
| 245 | 1 | 0 |
_aكل مايجب ان تعرفه عن الاورام السرطانية الحميدة والخبيثة : _bانواعه ، اعراضه ، اسبابه ، علاجه بالقران الكريم ، علاجه بالاعشاب والوسائل الطبيعية / _cموسى ابراهيم |
| 250 | _aالاولى | ||
| 260 |
_aالاردن : _bدار الاسراء للنشر والتوزيع ، _c2006 |
||
| 300 |
_a80 ص ؛ _c24 سم |
||
| 650 | 0 | 4 | _aالسرطان |
| 650 | 0 | 4 | _aالاورام |
| 650 | 0 | 4 | _aالعلاج بالقران |
| 650 | 0 | 4 | _aالاورام الحميدة |
| 650 | 0 | 4 | _aالعلاج بالاعشاب |
| 942 |
_2ddc _cBK |
||
| 999 |
_c9993 _d9993 |
||